000 00797nam a22001577a 4500
003 OSt
005 20150927143512.0
008 150927b xxu||||| |||| 00| 0 eng d
040 _cRUA
082 _aATM.Sp CHO 2003 B058 Or.1
100 _91416
_aCHOU, CHAMROEUN.
245 _aBreeder seed production of cultivar TS64 in wet season 2002 at kbal koh vegetabtle research station, ការសំរាំងនិងពង្រីកពូជទ្រប់វែង ជំនាន់ទី៣ប្រភេទពូជ TS64 ក្នុងលក្ខខ័ណ្ឌរដូវវស្សា២០០២នៅស្ថានីយ៍ពិសោធន៍ពូជបន្លែក្បាលកោះ
260 _aPhnom Penh
_bRUA
_c2003
300 _a57p.
_bill.
_c29cm.
942 _2ddc
_cATMSP
999 _c1332
_d1332